000 00698nam a2200265Ia 4500
008 170203s9999 xx 000 0 und d
020 _a9780071078917
050 _a658
050 _b.M113e 2010
100 _aMcCartney, Glenn.
245 _aEvent management :
245 _ban Asian perspective /
245 _cGlenn McCartney.
260 _aSingapore :
260 _bMcGraw-Hill,
260 _c2010
300 _axxii, 447 pages :
300 _billustrations ;
300 _c25 cm.
500 _aIncludes index.
650 _aEvent management trends in asia.
650 _aEvent planning and logistics.
650 _aThe Event concept.
650 _xEvent management.
999 _c305469
_d305469